[Event "Ruhrgebiet VL2 0708"]
[Site "Germany"]
[Date "2008.02.17"]
[Round "6.7"]
[White "Schwebel, Markus"]
[Black "Teich, Udo"]
[Result "1-0"]
[WhiteElo "2176"]
[BlackElo "2103"]
[PlyCount "77"]
[EventDate "2007.09.02"]
[EventType "team-tourn"]
[EventRounds "9"]
[EventCountry "GER"]
[SourceTitle "EXT 2009"]
[Source "ChessBase"]
[SourceDate "2008.11.26"]
[SourceVersion "1"]
[SourceVersionDate "2008.11.26"]
[SourceQuality "1"]
[WhiteTeam "Wattenscheid III"]
[BlackTeam "Welper SV"]
[WhiteTeamCountry "GER"]
[BlackTeamCountry "GER"]

1. e4 c5 2. c3 d5 3. exd5 Qxd5 4. d4 cxd4 5. cxd4 Nc6 6. Nf3 e6 7. Nc3 Qd8 8. Bd3 Nf6 9. 0-0 Be7 10. Bf4 0-0 11. Qe2 Nb4 12. Bc4 Nbd5 13. Bg5 Re8 14. Rad1 a6 15. Ne5 Nxc3 16. bxc3 Nd5 17. Bd2 Bd6 18. Qh5 Qc7 19. Bd3 Nf6 20. Qe2 Bd7 21. f4 b5 22. Rf3 Rac8 23. Rh3 g6 24. Qf2 Bc6 25. Qh4 Be7 26. g4 h5 27. gxh5 Nxh5 28. Qg4 Nf6 29. Qg5 Ne4 30. Qh6 Bf6 31. Qh7+ Kf8 32. Bc1 Bg7 33. Ba3+ Re7 34. Nxc6 Qxc6 35. Bxe7+ Kxe7 36. Qxg7 Nxc3 37. Rf1 Ne4 38. Bxe4 Qxe4 39. Qe5 1-0

[Event "Ruhrgebiet VL2 0708"]
[Site "Germany"]
[Date "2007.12.09"]
[Round "4.8"]
[White "Teich, Udo"]
[Black "Reichel, Hans Helmut"]
[Result "1-0"]
[WhiteElo "2103"]
[BlackElo "1612"]
[PlyCount "51"]
[EventDate "2007.09.02"]
[EventType "team-tourn"]
[EventRounds "9"]
[EventCountry "GER"]
[SourceTitle "EXT 2009"]
[Source "ChessBase"]
[SourceDate "2008.11.26"]
[SourceVersion "1"]
[SourceVersionDate "2008.11.26"]
[SourceQuality "1"]
[WhiteTeam "Welper SV"]
[BlackTeam "Altenessen "]
[WhiteTeamCountry "GER"]
[BlackTeamCountry "GER"]

1. c4 Nf6 2. Nc3 e6 3. g3 d5 4. d4 Be7 5. Bg2 0-0 6. Nf3 c5 7. cxd5 Nxd5 8. e4 Nxc3 9. bxc3 cxd4 10. cxd4 Qa5+ 11. Bd2 Qa6 12. Bf1 Qa3 13. Be2 Bd7 14. 0-0 Ba4 15. Qb1 Bc6 16. Ne5 Bf6 17. Bb4 Qa4 18. Bxf8 Kxf8 19. Nxc6 Qxc6 20. Rc1 Qd7 21. e5 Bg5 22. Rd1 Qd5 23. Qd3 Nc6 24. Bf3 Qd7 25. Bxc6 bxc6 26. Qxh7 1-0

[Event "Bad Woerishofen op 19th"]
[Site "Bad Woerishofen"]
[Date "2003.03.21"]
[Round "9"]
[White "Teich, Udo"]
[Black "Boettcher, Ulrich"]
[Result "1/2-1/2"]
[WhiteElo "2104"]
[BlackElo "2023"]
[PlyCount "49"]
[EventDate "2003.03.13"]
[EventType "swiss"]
[EventRounds "9"]
[EventCountry "GER"]
[SourceTitle "CBM 093 Extra"]
[Source "ChessBase"]
[SourceDate "2003.05.09"]
[SourceVersion "1"]
[SourceVersionDate "2003.05.09"]
[SourceQuality "1"]

1. e4 e6 2. d4 d5 3. exd5 exd5 4. Nf3 Nf6 5. Bd3 Bd6 6. 0-0 0-0 7. Nc3 c6 8. h3 h6 9. Bd2 Re8 10. Ne2 Nbd7 11. c4 Nf8 12. Rc1 Be6 13. b3 a6 14. Qc2 Rc8 15. Rfe1 Ba3 16. Rcd1 Bd6 17. Nc3 Bb8 18. Bf5 Qd7 19. Bxe6 Rxe6 20. Rxe6 Nxe6 21. c5 Re8 22. Re1 Nf4 23. Bxf4 Rxe1+ 24. Nxe1 Bxf4 25. Nd3 1/2-1/2